Normal view
MARC view
Entry Personal Name
001 - CONTROL NUMBER
- control field: 52608
003 - CONTROL NUMBER IDENTIFIER
- control field: ARRUPE
005 - DATE AND TIME OF LATEST TRANSACTION
- control field: 20240402150719.0
008 - FIXED-LENGTH DATA ELEMENTS
- fixed length control field: 240402|| aca||aabn | a|a d
040 ## - CATALOGING SOURCE
- Original cataloging agency: ARRUPE
- Transcribing agency: ARRUPE
100 ## - HEADING--PERSONAL NAME
- Personal name: Raz , Joseph
670 ## - SOURCE DATA FOUND
- Source citation: Work cat.: (ARRUPE)131854: Raz , Joseph, The morality of freedom.